Promoting The General Welfare Government And Thea Economy / (Record no. 9056)
[ view plain ]
| 000 -LEADER | |
|---|---|
| fixed length control field | 00600nam a22002177a 4500 |
| 001 - CONTROL NUMBER | |
| JCCL Control Number | 9056 |
| 003 - CONTROL NUMBER IDENTIFIER | |
| JCCL marc code | BD-JhCC |
| 005 - DATE AND TIME OF LATEST TRANSACTION | |
| control field | 20180314183450.0 |
| 008 - FIXED-LENGTH DATA ELEMENTS--GENERAL INFORMATION | |
| fixed length control field | 180307s1965 ii ||||| |||| 00| 0 eng d |
| 035 ## - SYSTEM CONTROL NUMBER | |
| system control number | (BD-JhCC) 9056 |
| 040 ## - CATALOGING SOURCE | |
| Original cataloging agency | BD-JhCC |
| Modifying agency | BD-JhCC |
| 041 ## - LANGUAGE CODE | |
| Language code of Book | eng |
| 082 ## - DEWEY DECIMAL CLASSIFICATION NUMBER | |
| Classification number | 338.973 |
| Author mark and Year | MUS 1965 |
| 100 ## - MAIN ENTRY--PERSONAL NAME | |
| Personal name | Musolf, Lloyd |
| 245 ## - TITLE STATEMENT | |
| Title | Promoting The General Welfare Government And Thea Economy / |
| Remainder of title | Lloyd Musolf |
| 260 ## - PUBLICATION, DISTRIBUTION, ETC. (IMPRINT) | |
| Place of publication, distribution, etc | Calcutta-1 : |
| Name of publisher, distributor, etc | Scientific Book Agency, |
| Date of publication, distribution, etc | Mus |
| 300 ## - PHYSICAL DESCRIPTION | |
| Pagination | 195. P : |
| Dimensions | 21 cm |
| 650 ## - SUBJECT ADDED ENTRY--TOPICAL TERM | |
| Topical term or geographic name as entry element | Economic Policy |
| Geographic subdivision | United states |
| 942 ## - ADDED ENTRY ELEMENTS (KOHA) | |
| Source of classification or shelving scheme | Dewey Decimal Classification |
| Koha item type | Books |
| Source of classification or shelving scheme | Damaged status | Not for loan | Home library | Current library | Shelving location | Cost, normal purchase price | Total Checkouts | Full call number | Barcode | Date last seen | Copy number | Koha item type |
|---|---|---|---|---|---|---|---|---|---|---|---|---|
| Dewey Decimal Classification | JCC Rouf Library | JCC Rouf Library | General Stacks | 3.00 | 338.973 MUS 1965 | 11247 | 03/07/2018 | C-1 | Books |